| 000 | 01574cab a2200217 4500 | ||
|---|---|---|---|
| 001 | ABS39078 | ||
| 008 | 090401t1988 xxu||||| |||| 00| 0 eng d | ||
| 035 | _a(Sirsi) u14280 | ||
| 041 | _aeng | ||
| 245 | _aMorris v Liverpool City Council | ||
| 260 | _c1988 | ||
| 350 | _a0 | ||
| 490 |
_aEstates Gazette _v(8814) 9 April 1988, 59-64(4) |
||
| 520 | _aCA 19 November 1987. In early 1984 the plaintiff (M) was a council tenant but he spent little time in the property due to illness in the family. On 15 January there was a fire during which the fire brigade had to break down the door of the flat, effectively ruining the door and frame leaving the flat insecure. The council`s emergency repairs consisted of sheeting made of thin plywood sealed by nails. On returning to the flat M removed the sheeting to check the flat`s contents which were at that time still intact and left, replacing the sheeting in secure fashion. He phoned the council to request repair but the next weekend found this had not been done and the flat had been burgled. The door was replaced with thick sheeting, denying M access until a proper repair was done on 5 February. M issued proceedings against the council claiming that it was an implied term of the tenancy that the council should maintain the flat. The court however stated that the council could not be held respo | ||
| 650 | _aHOUSING ACT 1961 S32 | ||
| 650 | _aKING V LIVERPOOL CITY COUNCIL | ||
| 650 | _aSMITH V LITTLEWOODS | ||
| 690 | _aLANDLORD AND TENANT-CASE LAW-RESIDENTIAL TENANCIES | ||
| 942 | _n0 | ||
| 948 | _c04/03/1997 | ||
| 999 |
_c9284 _d9284 |
||